000 00597nam a2200217Ia 4500
003 OSt
005 20220927112314.0
006 a|||||r|||| 00| 0
007 ta
008 220926b |||||||| |||| 00| 0 eng d
024 _a151824
037 _cReports
040 _aRTL
_cRTL
_beng
041 _2eng
_aeng
082 _aX9(J781):51.2.N55t
245 0 _aReport on the Recongnition of association in respect of forward contracts in cotton seed
260 _c1955
300 _a77 p
_ccm.
942 _hX9(J781):51.2.N55t
_cCC
999 _c700060
_d700060